I Trobades dels membres de gabinets d'informació d'institucions, partits, i entitats, de Catalunya : (19 de novembre de 1980) (19 de novembre de 1980)
Descripción Física:
[271] p. ; 31 cm
Materias:
Premsa -- Catalunya -- Congressos
MARC
| LEADER | 00000nam a2200000Ia 4500 | ||
|---|---|---|---|
| 001 | 19600 | ||
| 008 | 160829s1980 xx 000 0 cat d | ||
| 080 | |a FOL-3-34 | ||
| 245 | |a I Trobades dels membres de gabinets d'informació d'institucions, partits, i entitats, de Catalunya : |b (19 de novembre de 1980) | ||
| 260 | |a Barcelona : |b Diputació de Barcelona. Oficina de Premsa, Informació i Edicions, |c 1980 | ||
| 300 | |a [271] p. ; |c 31 cm | ||
| 490 | |a Documents del Servei de Premsa de la Diputació ; 5 | ||
| 590 | |a Prové de S-623, exp. 297 | ||
| 650 | |a Premsa |x Catalunya |x Congressos |9 37807 | ||
| 710 | 1 | |a Barcelona (Catalunya : Província). |b Oficina de Premsa, Informació i Edicions |9 54969 | |
| 901 | |a Arxiu | ||
| 942 | |n 1 | ||
| 952 | |0 0 |1 0 |4 0 |6 FOL334 |7 1 |9 53782 |a Arxiu |b Arxiu |d 2016-12-01 |l 0 |o FOL-3-34 |p 19600 |r 2016-12-01 00:00:00 |w 2016-12-01 |y ARXIU | ||
| 999 | |c 57648 |d 57648 | ||